دور الإعلام في التنشئة الأسرية : وقائع الندوة التي نظمتها جمعية العفاف الخيرية / (رقم التسجيلة. 94335)

تفاصيل مارك
000 -LEADER
fixed length control field 00751nam a22001937a 4500
005 - DATE AND TIME OF LATEST TRANSACTION
control field 20251108173026.0
008 - FIXED-LENGTH DATA ELEMENTS--GENERAL INFORMATION
fixed length control field 250721s1997 xx 000 0 ara d
082 14 - DEWEY DECIMAL CLASSIFICATION NUMBER
Classification number 216.933/دور
100 1# - MAIN ENTRY--PERSONAL NAME
Personal name بدران، فاروق
Relator term محرر
111 2# - MAIN ENTRY--MEETING NAME
Meeting name or jurisdiction name as entry element ندوة دور الإعلام في التنشئة الأسرية
Location of meeting عمان
Date of meeting 1997
245 10 - TITLE STATEMENT
Title دور الإعلام في التنشئة الأسرية : وقائع الندوة التي نظمتها جمعية العفاف الخيرية /
264 1# - PRODUCTION, PUBLICATION, DISTRIBUTION, MANUFACTURE, AND COPYRIGHT NOTICE
Place of production, publication, distribution, manufacture عمان :
Name of producer, publisher, distributor, manufacturer جمعية العفاف الخيرية،
Date of production, publication, distribution, manufacture, or copyright notice 1997.
300 ## - PHYSICAL DESCRIPTION
Extent 141 ص.
650 17 - SUBJECT ADDED ENTRY--TOPICAL TERM
Topical term or geographic name as entry element الإعلام
650 17 - SUBJECT ADDED ENTRY--TOPICAL TERM
Topical term or geographic name as entry element التنشئة الأسرية
700 1# - ADDED ENTRY--PERSONAL NAME
Personal name سرحان، مفيد
Relator term محور
942 ## - ADDED ENTRY ELEMENTS (KOHA)
Source of classification or shelving scheme Dewey Decimal Classification
Koha item type كتب
المقتنيات
حالة السحب حالة الفقدان مصدر التصنيف حالة التلف غير قابل للإعارة المكتبة الرئيسية المكتبة الحالية موقع الرف تاريخ التزويد الرقم المتسلسل Total Checkouts رقم الإستدعاء الباركود تاريخ آخر ظهور تاريخ الفاتورة نوع المادة (كوها)
    Dewey Decimal Classification     مكتبة أبو علندا العامة مكتبة أبو علندا العامة الإعارة 16/06/2008 452702   216.933/دور PLD00021665 28/07/2025 16/06/2008 كتب
    Dewey Decimal Classification     مكتبة أم قصير والمقابلين العامة مكتبة أم قصير والمقابلين العامة الإعارة 24/07/2008 452701   216.933/دور PLD00030666 28/07/2025 24/07/2008 كتب
    Dewey Decimal Classification     مكتبة النصر العامة مكتبة النصر العامة الإعارة 13/11/2014 452704   216.933/دور PLD00310443 28/07/2025 13/11/2014 كتب
    Dewey Decimal Classification     مكتبة حمزة العامة مكتبة حمزة العامة الإعارة 19/01/2016 452699   216.933/دور PLD00369342 28/07/2025 19/01/2016 كتب
    Dewey Decimal Classification     مكتبة صويلح العامة مكتبة صويلح العامة الإعارة 22/11/2015 452694   216.933/دور PLD00366211 28/07/2025 22/11/2015 كتب
    Dewey Decimal Classification     مكتبة وادي السير العامة مكتبة وادي السير العامة الإعارة 28/07/2025 452703   216.933/دور 452703 28/07/2025 28/07/2025 كتب
    Dewey Decimal Classification     مكتبةمؤتة مكتبةمؤتة الإعارة 11/07/2018 1679194   216.933/دور PLD00423098 28/07/2025 11/07/2018 كتب
Implemented & Customized by: BBB with SCIT (Smart Chains for Information Technology)

Powered by Koha